<?xml version="1.0" encoding="UTF-8"?>
<collection xmlns="http://www.loc.gov/MARC21/slim">
 <record>
  <leader>00528nam a22001575a 4500</leader>
  <controlfield tag="001">EHU.bham043526</controlfield>
  <controlfield tag="008">130507s1970##################000#0#####d</controlfield>
  <controlfield tag="005">20230419081437.0</controlfield>
  <datafield tag="245" ind1="1" ind2="0">
   <subfield code="a">Carta abierta a Buenos Aires violento /</subfield>
   <subfield code="c"> Eduardo Gudiño Kieffer.</subfield>
  </datafield>
  <datafield tag="260" ind1=" " ind2=" ">
   <subfield code="a">Buenos Aires :</subfield>
   <subfield code="b">Emecé,</subfield>
   <subfield code="c">1970</subfield>
  </datafield>
  <datafield tag="300" ind1=" " ind2=" ">
   <subfield code="a">187 p.</subfield>
  </datafield>
  <datafield tag="100" ind1="1" ind2=" ">
   <subfield code="a">Gudiño Kieffer, Eduardo</subfield>
  </datafield>
  <datafield tag="082" ind1="A" ind2="8">
   <subfield code="a">868.4</subfield>
  </datafield>
  <datafield tag="653" ind1=" " ind2=" ">
   <subfield code="a">Literatura argentina-1960-2000</subfield>
  </datafield>
  <datafield tag="653" ind1=" " ind2=" ">
   <subfield code="a">Miscelánea argentina-1960-2000</subfield>
  </datafield>
  <datafield tag="859" ind1=" " ind2=" ">
   <subfield code="a">AR-BHAM</subfield>
   <subfield code="b">BIB. HUMANIDADES - General</subfield>
   <subfield code="h">A868.4</subfield>
   <subfield code="i">G934</subfield>
   <subfield code="k">A</subfield>
   <subfield code="p">202.09</subfield>
   <subfield code="t">Ej.1</subfield>
  </datafield>
 </record>
</collection>
